The Tea Party Goes to Washington / (Record no. 15632)
[ view plain ]
| 000 -LEADER | |
|---|---|
| fixed length control field | 01148cam a22002775a 4500 |
| 001 - CONTROL NUMBER | |
| control field | 16557547 |
| 005 - DATE AND TIME OF LATEST TRANSACTION | |
| control field | 20101203135636.0 |
| 008 - FIXED-LENGTH DATA ELEMENTS--GENERAL INFORMATION | |
| fixed length control field | 101130s2011 nyu 000 0 eng |
| 010 ## - LIBRARY OF CONGRESS CONTROL NUMBER | |
| LC control number | 2010941979 |
| 020 ## - INTERNATIONAL STANDARD BOOK NUMBER | |
| International Standard Book Number | 1455503118 |
| 020 ## - INTERNATIONAL STANDARD BOOK NUMBER | |
| International Standard Book Number | 9781455503117 |
| 040 ## - CATALOGING SOURCE | |
| Original cataloging agency | DLC |
| Transcribing agency | DLC |
| 082 ## - DEWEY DECIMAL CLASSIFICATION NUMBER | |
| Edition number | 22 |
| Classification number | 320.5209 |
| Item number | PAU |
| 100 1# - MAIN ENTRY--PERSONAL NAME | |
| Personal name | Paul, Rand. |
| 9 (RLIN) | 25529 |
| 245 14 - TITLE STATEMENT | |
| Title | The Tea Party Goes to Washington / |
| Statement of responsibility, etc | Rand Paul. |
| 260 ## - PUBLICATION, DISTRIBUTION, ETC. (IMPRINT) | |
| Place of publication, distribution, etc | New York : |
| Name of publisher, distributor, etc | Center Street, 2011 |
| Date of publication, distribution, etc | 2011. |
| 300 ## - PHYSICAL DESCRIPTION | |
| Extent | xiv, 254 p. : |
| Other physical details | ill., ports. ; |
| Dimensions | 22 cm. |
| 504 ## - BIBLIOGRAPHY, ETC. NOTE | |
| Bibliography, etc | Includes bibliographical references (p. [251]-254). |
| 520 ## - SUMMARY, ETC. | |
| Summary, etc | Describes how fears over the Obama presidential administration helped form the Tea Party movement, and argues that the grassroots movement is independent and critical of both American political parties. |
| 650 ## - SUBJECT ADDED ENTRY--TOPICAL TERM | |
| 9 (RLIN) | 25528 |
| Topical term or geographic name as entry element | Tea Party movement |
| 650 ## - SUBJECT ADDED ENTRY--TOPICAL TERM | |
| 9 (RLIN) | 11161 |
| Topical term or geographic name as entry element | Conservatism |
| Geographic subdivision | United States. |
| 653 ## - INDEX TERM--UNCONTROLLED | |
| Resource For college | |
| Arrived date list | June2011 |
| Resource For college | |
| Arrived date list | June2011 |
| 942 ## - ADDED ENTRY ELEMENTS (KOHA) | |
| Source of classification or shelving scheme | Dewey Decimal Classification |
| Item type | Book - Borrowing |
| Withdrawn status | Item status | Source of classification or shelving scheme | Damaged status | Not for loan | Vendor | Home library | Current library | Shelving location | Date acquired | Source of acquisition | Cost, normal purchase price | Serial Enumeration / chronology | Total Checkouts | Total Renewals | Full call number | Barcode | Date last seen | Date last borrowed | Koha item type |
|---|---|---|---|---|---|---|---|---|---|---|---|---|---|---|---|---|---|---|---|
| Dewey Decimal Classification | Baccah | Central Library | Central Library | First floor | 19/06/2011 | 131.00 | 12512 | 1 | 1 | 320.5209 PAU | 000024259 | 15/07/2025 | 02/11/2016 | Book - Borrowing |